000 00344 a2200157 4500
001 173821
020 _a
040 _cMagnum
100 _aJoly, Fanny
240 1 0 _aQuem tem medo de tempestade ?
_lpor
245 1 0 _aQuem tem medo de tempestade ?
362 0 _a1899
440 1 _aScipione
697 _aI/AVENTURA, CRIANCAS
942 _cBK
999 _c173821
_d173821